The early islamic conquests. (Record no. 16952)

MARC details
000 -LEADER
fixed length control field 00675nam a2200253Ia 4500
001 - CONTROL NUMBER
control field AUWbook000885
003 - CONTROL NUMBER IDENTIFIER
control field BDCtgAUW
005 - DATE AND TIME OF LATEST TRANSACTION
control field 20260406154931.0
008 - FIXED-LENGTH DATA ELEMENTS--GENERAL INFORMATION
fixed length control field 220908s9999 xx 000 0 eng d
020 ## - INTERNATIONAL STANDARD BOOK NUMBER
International Standard Book Number 1597402001
040 ## - CATALOGING SOURCE
Original cataloging agency BDCtgAUW
Transcribing agency BDCtgAUW
050 ## - LIBRARY OF CONGRESS CALL NUMBER
Classification number DS38.1.D66
100 1# - MAIN ENTRY--PERSONAL NAME
Personal name Donner, Fred Mcgraw.
9 (RLIN) 7141
245 #0 - TITLE STATEMENT
Title The early islamic conquests.
260 ## - PUBLICATION, DISTRIBUTION, ETC.
Place of publication, distribution, etc. Princeton :
Name of publisher, distributor, etc. Princeton University Press,
Date of publication, distribution, etc. 1981.
650 #0 - SUBJECT ADDED ENTRY--TOPICAL TERM
Topical term or geographic name entry element Arab countries
General subdivision History.
9 (RLIN) 79271
650 #0 - SUBJECT ADDED ENTRY--TOPICAL TERM
Topical term or geographic name entry element Arabism.
9 (RLIN) 7143
650 #0 - SUBJECT ADDED ENTRY--TOPICAL TERM
Topical term or geographic name entry element History.
650 #0 - SUBJECT ADDED ENTRY--TOPICAL TERM
Topical term or geographic name entry element Islamic Empire
General subdivision History
-- 622
-- 661.
9 (RLIN) 79425
887 ## - NON-MARC INFORMATION FIELD
Content of non-MARC field BRAC
Source of data 2982
888 ## -
-- 2982
942 ## - ADDED ENTRY ELEMENTS (KOHA)
Koha item type Books
Source of classification or shelving scheme Library of Congress Classification
Koha issues (borrowed), all copies 1
945 ## - LOCAL PROCESSING INFORMATION (OCLC)
c BK

No items available.